| 000 | 00000nas##2200000za#4500 |
| 001 | 9.512957 |
| 003 | CaOODSP |
| 005 | 20211117142334 |
| 007 | ta |
| 008 | 150406c1998||||xxc|| m #||||f| |0fre|d |
| 040 | |aCaOODSP|bfre |
| 043 | |an-cn--- |
| 086 | 1 |aEn153-97F |
| 110 | 2 |aCentre Saint-Laurent. |
| 245 | 10|aL'état du Saint-Laurent |
| 260 | |aMontréal - Québec : |bEnvironnement Canada. |
| 500 | |aÉquipe conjointe bilan, composée de représentants d'Environnement Canada, de Pêche et Océans Canada et du ministère de l'Environnement et de la Faune du Québec, Sainte-Foy. |
| 563 | |aCouverture souple |
| 775 | 08|tState of the St. Lawrence River |w(CaOODSP)9.514555 |
| 776 | 0#|tEnjeu : l'état du Saint-Laurent |w(CaOODSP)9.502876 |